=LDR 00000nam 2200000 4500 =001 000915 =005 20250712123726 =035 ##$$a 0010-0725000793 =007 ta =008 250712################a##########0#ind## =020 ##$$a 978-623-472-139-3 =082 ##$$a 398.209 598 =084 ##$$a 398.209 598 VEN d =100 #$$a Venkatesh, Priya =245 1#$$a Dimana Aku? /$c Priya Venkatesh =250 ##$$a cetakan pertama =260 ##$$a jakarta :$b badan pengembangan dan pembinaan bahasa,$c 2022 =300 ##$$a 32 hlm. : $b ilus. ; $c 22,9 cm$e 398.209 598 =650 #4$$a literasi bahan bacaan =856 ##$$a TBM As Suhada =990 ##$$a TBM202400748